Homenaje a Celso Emilio Ferreiro [ (Record no. 4418)

MARC details
000 -LEADER
campo de control de longitud fija 01910nkm a2200373 i 4500
001 - NÚMERO DE CONTROL
campo de control 4418
003 - IDENTIFICADOR DE NÚMERO DE CONTROL
campo de control ES-MaACL
005 - FECHA Y HORA DE LA ÚLTIMA TRANSACCIÓN
campo de control 20250713063036.0
007 - CAMPO FIJO DE DESCRIPCIÓN FÍSICA--INFORMACIÓN GENERAL
campo de control de longitud fija khrbo
008 - DATOS DE LONGITUD FIJA--INFORMACIÓN GENERAL
campo de control de longitud fija 070711s1988 sp --- g |001||spa d
100 0# - ENTRADA PRINCIPAL--NOMBRE DE PERSONA
Nombre de persona Alfonso,
Fechas asociadas al nombre 1902-1990
9 (RLIN) 19858
245 10 - MENCIÓN DEL TÍTULO
Título Homenaje a Celso Emilio Ferreiro [
Medio Fotografía] /
Mención de responsabilidad, etc. Alfonso (sello).
260 ## - PUBLICACIÓN, DISTRIBUCIÓN, ETC.
Lugar de publicación, distribución, etc. [S.l. :
Nombre del editor, distribuidor, etc. s.n.],
Fecha de publicación, distribución, etc. 1988.
300 ## - DESCRIPCIÓN FÍSICA
Extensión 6 fot. :
Otras características físicas b. y n. ;
Dimensiones 12 x 18 cm.
500 ## - NOTA GENERAL
Nota general Datos basados en invitación.
511 0# - NOTA DE PARTICIPANTES O INTÉRPRETES
Nota de participantes o intérpretes Intervienen en la apertura del acto: José Prat, Alfredo Conde; glosan y recitan: Xesús Alonso Montero, Uxio Novoneyra, Salvador García Bodaño, Ramiro Fonte, Alvarez Cáccamo, Xesús Rábade; incluye escenificación lírica y la actuación del conjunto de gaiteros Agrupación Xarabal.
518 ## - NOTA DE FECHA/HORA Y LUGAR DE UN ACONTECIMIENTO
Nota de fecha/hora y lugar de un acontecimiento Acto organizado por el Ateneo de Madrid en colaboración con el Ayuntamiento de Madrid y la Conselleria de Cultura y Deportes de la Xunta de Galicia, celebrado en el salón de actos el martes, 20 de septiembre de 1988, a las 19:00 h.
600 14 - PUNTO DE ACCESO ADICIONAL DE MATERIA--NOMBRE DE PERSONA
Nombre de persona Prat, José,
Fechas asociadas al nombre 1905-1994
9 (RLIN) 93665
600 14 - PUNTO DE ACCESO ADICIONAL DE MATERIA--NOMBRE DE PERSONA
Nombre de persona Conde, Alfredo,
Fechas asociadas al nombre 1945-
9 (RLIN) 173663
600 14 - PUNTO DE ACCESO ADICIONAL DE MATERIA--NOMBRE DE PERSONA
Nombre de persona Alonso Montero, Xesús.
9 (RLIN) 20364
600 14 - PUNTO DE ACCESO ADICIONAL DE MATERIA--NOMBRE DE PERSONA
Nombre de persona Novoneyra, Uxío.
9 (RLIN) 86099
600 14 - PUNTO DE ACCESO ADICIONAL DE MATERIA--NOMBRE DE PERSONA
Nombre de persona García Bodaño, Salvador.
9 (RLIN) 54277
600 14 - PUNTO DE ACCESO ADICIONAL DE MATERIA--NOMBRE DE PERSONA
Nombre de persona Fonte, Ramiro.
9 (RLIN) 51634
600 14 - PUNTO DE ACCESO ADICIONAL DE MATERIA--NOMBRE DE PERSONA
Nombre de persona Alvarez Cáccamo, Xosé María.
9 (RLIN) 20718
600 14 - PUNTO DE ACCESO ADICIONAL DE MATERIA--NOMBRE DE PERSONA
Nombre de persona Rábade, Xesús.
9 (RLIN) 94829
610 24 - PUNTO DE ACCESO ADICIONAL DE MATERIA--NOMBRE DE ENTIDAD CORPORATIVA
Nombre de entidad corporativa o nombre de jurisdicción como elemento de entrada Ateneo de Madrid-
Subdivisión general Actos culturales-
Subdivisión cronológica 1988-
Subdivisión de forma Fotografías.
9 (RLIN) 1903
710 2# - ENTRADA AGREGADA--NOMBRE DE ENTIDAD CORPORATIVA
Nombre de entidad corporativa o nombre de jurisdicción como elemento de entrada Ateneo de Madrid.
9 (RLIN) 1875
710 1# - ENTRADA AGREGADA--NOMBRE DE ENTIDAD CORPORATIVA
Nombre de entidad corporativa o nombre de jurisdicción como elemento de entrada Galicia.
Unidad subordinada Consejería de Cultura y Deportes.
9 (RLIN) 4454
710 1# - ENTRADA AGREGADA--NOMBRE DE ENTIDAD CORPORATIVA
Nombre de entidad corporativa o nombre de jurisdicción como elemento de entrada Madrid.
Unidad subordinada Ayuntamiento
9 (RLIN) 234069
852 ## - LOCALIZACIÓN
Ubicación ES-MaACL
Número de control de estantería FOT 232/1988
856 4# - LOCALIZACIÓN Y ACCESO ELECTRÓNICOS
Identificador Uniforme de Recursos <a href="http://www.ateneodemadrid.net/biblioteca_digital/imagenes/1988/0232_01-1988.jpg">http://www.ateneodemadrid.net/biblioteca_digital/imagenes/1988/0232_01-1988.jpg</a>
Nota pública Ver imagen
856 4# - LOCALIZACIÓN Y ACCESO ELECTRÓNICOS
Identificador Uniforme de Recursos <a href="http://www.ateneodemadrid.net/biblioteca_digital/imagenes/1988/0232_02-1988.jpg">http://www.ateneodemadrid.net/biblioteca_digital/imagenes/1988/0232_02-1988.jpg</a>
Nota pública Ver imagen
Holdings
Estatus retirado Estado de pérdida Estado de daño No para préstamo Colección Biblioteca de origen Biblioteca actual Ubicación en estantería Fecha de adquisición Fuente de adquisición Total de préstamos Signatura topográfica completa Código de barras Visto por última vez Precio de reemplazo Tipo de ítem Koha
        Colección digital Biblioteca del Ateneo de Madrid Biblioteca del Ateneo de Madrid Depósito Z 17/01/2008     FOT 232/1988 1004481 23/02/2023 23/02/2023 Fotografía